00539nam a2200169Ia 4500008004100000100001800041245006200059245001800121260005900139260000900198300001100207650001800218650001500236856002600251999001900277952007300296170221s9999 xx 000 0 und d aDuygu Aydýn 4aThe Relation between Positive Brand Emotions and Recall  cDuygu Aydýn bOnline Journal of Communication and Media Technologies c2013 a33 : 3 xCommunication xMedia Arts uhttp://www.ojcmt.net/ c311002d311002 001040aCLbCLd2017-02-21l0r2017-02-21 00:00:00w2017-02-21yFOJ